000 nam a22 7a 4500
999 _c9040
_d9040
005 20220105022438.0
008 220105b xxu||||| |||| 00| 0 eng d
020 _a9781492648994
_bhard bound
040 _beng
_cAPEC Schools Library
_erda
082 _aC 302.34
_bS316s 2017
100 _aScheff, Sue
245 _aShame nation /
_cSue Scheff
264 _aIllinois ;
_bSourcebooks, Inc.,
_c©2017.
300 _axxix, 321 pages.
336 _2rdacontent
_atext
337 _2rdamedia
_aunmediated
338 _2rdacarrier
_avolume
504 _aIncludes bibliographical references and index.
650 _aShame
_vSocial aspects.
650 _aCyberbullying.
942 _2ddc
_cNFIC